| 000 | 00524nam a22001937a 4500 | ||
|---|---|---|---|
| 003 | KOHA_MİRAKIL | ||
| 005 | 20240930101039.0 | ||
| 008 | 240929b2013 tu ||||| |||| 00| 0 tur d | ||
| 020 | _a9789755337487 | ||
| 040 |
_aTR-AnABB _btur _cTR-AnABB |
||
| 041 | _atur | ||
| 082 |
_a823.914 _bCOL 2013 |
||
| 100 | _aCollins, Wilkie. | ||
| 245 | 0 |
_aBeyazlı kadın / _cWilkie Collins. |
|
| 260 |
_aAnkara : _bİmge Yayınları, _c2013. |
||
| 300 |
_a378 sayfa ; _c21 cm. |
||
| 650 | _aİngiliz edebiyatı, roman | ||
| 942 |
_2ddc _cBK |
||
| 999 |
_c3248 _d3248 |
||